En vida / (Record no. 167584)

MARC details
000 -LEADER
campo de control de longitud fija 00724nam a2200229 i 4500
001 - NÚMERO DE CONTROL
campo de control 167584
003 - IDENTIFICADOR DE NÚMERO DE CONTROL
campo de control ES-MaACL
005 - FECHA Y HORA DE LA ÚLTIMA TRANSACCIÓN
campo de control 20240425063225.0
008 - DATOS DE LONGITUD FIJA--INFORMACIÓN GENERAL
campo de control de longitud fija 210817s1974 sp |||| | spa d
020 ## - NÚMERO INTERNACIONAL ESTÁNDAR DEL LIBRO
Número Internacional Estándar del Libro 84-7232-222-X
080 ## - NÚMERO DE LA CLASIFICACIÓN DECIMAL UNIVERSAL
Número de la Clasificación Decimal Universal 821.134.2-14"19"
100 0# - ENTRADA PRINCIPAL--NOMBRE DE PERSONA
Nombre de persona Quiñones, Fernando,
Fechas asociadas al nombre 1930-1998
9 (RLIN) 94750
245 10 - MENCIÓN DEL TÍTULO
Título En vida /
Mención de responsabilidad, etc. Fernando Quiñones.
250 ## - MENCION DE EDICION
Mención de edición 2ª ed. rev.
260 ## - PUBLICACIÓN, DISTRIBUCIÓN, ETC.
Lugar de publicación, distribución, etc. Madrid :
Nombre del editor, distribuidor, etc. Cultura Hispánica,
Fecha de publicación, distribución, etc. 1974.
300 ## - DESCRIPCIÓN FÍSICA
Extensión 83 p. ;
Dimensiones 20 cm.
490 1# - MENCIÓN DE SERIE
Mención de serie Colección poética "Leopoldo Panero" ;
Designación de volumen o secuencia 0
586 ## - NOTA DE PREMIOS
Nota de premios Premio de poesía "Leopoldo Panero", 1963
830 1# - PUNTO DE ACCESO ADICIONAL DE SERIE-TÍTULO UNIFORME
Título uniforme Colección poética "Leopoldo Panero" ;
Designación de volumen o secuencia 0
9 (RLIN) 182594
852 ## - LOCALIZACIÓN
Ubicación ES-MaACL
Número de control de estantería P-2 Nº 0
Holdings
Estatus retirado Estado de pérdida Fuente del sistema de clasificación o colocación Estado de daño No para préstamo Biblioteca de origen Biblioteca actual Ubicación en estantería Fecha de adquisición Total de préstamos Signatura topográfica completa Código de barras Visto por última vez Precio de reemplazo Tipo de ítem Koha
    Clasificación decimal universal     Biblioteca del Ateneo de Madrid Biblioteca del Ateneo de Madrid Depósito 2 21/08/2017   P-2 N� 0 1197920 23/02/2023 23/02/2023 Libro impreso